Statistics for Top 25 Coffee Producing Countries-2024

Click here to take the quiz!

General Stats

  • This quiz has been taken 34 times
  • The average score is 19 of 25

Answers on the Map

Answers color-coded by a green-red scale on the quiz's map according to % correct below.
 

Answer Stats

Answer% Correct
Brazil
100%
Colombia
97%
Mexico
97%
Peru
94%
China
91%
India
91%
Ecuador
84%
Kenya
84%
Venezuela
84%
Vietnam
84%
Indonesia
81%
Malaysia
81%
Ethiopia
78%
Guatemala
78%
Thailand
78%
Philippines
75%
Tanzania
75%
Honduras
72%
Costa Rica
69%
Laos
69%
Nicaragua
69%
El Salvador
63%
Uganda
59%
Ivory Coast
47%
Papua New Guinea
25%

Score Distribution

Percentile by Number Answered

Percent of People with Each Score

Your Score History

You have not taken this quiz